000 01035nam a2200265Ia 4500
003 OSt
005 20221005111115.0
006 a|||||r|||| 00| 0
007 ta
008 221004b |||||||| |||| 00| 0 hin d
020 _a9789350723029 (pbk)
_c390
024 _a17277
037 _b520, 21/03/2015, Vani Prakashan
_cTextual
040 _aCRL
_cCRL
_bhin
041 _2hin
_ahin
082 _aNW44wN44, 152Q2
100 _aवाजपेयी, उदयन
245 0 _aअभेद आकाश
_b मणि कौल से उदयन वाजपेयी की बातचीत
246 _aAbhed ākāsha: maṇi kaul se udayan vājapeyī kī bātachīta
260 _aनई दिल्ली
_bवाणी प्रकाशन भारत
_c2012
300 _a112पृ0
_ccm.
650 _aल्थ्ल्त् क्ल्ज्ञ
942 _hNW44wN44, 152Q2
_cTEXL
_2cc
999 _c1020842
_d1020842